000
00260 a2200109 4500
003
Nust
005
20170207164424.0
040
_c
Nust
082
_a
025.3
245
_a
ODLIS: Online Dictionary of Library and Information Science(E BOOK)
_c
Joan M. Reitz
300
_a
733p
942
_2
ddc
_c
BK
999
_c
208928
_d
208928